000 00903nas a2200301 4500
001 BR0601261
003 BR-BrBNA
005 20231205105914.0
007 ta
008 230509b bl.|||p| |||| 00| 00por d
040 _aBR-BrBNA
_bpor
_cBiblioteca Nacional de Agricultura
041 _a(Pt)
072 _aL02; L01
100 1 _aSantos, J.M.G. dos
100 1 _aMoreira, I.
100 1 _aMartins, E.N.
245 1 _aExigências de lisina e energia metabolizável para marrãs de reprodução
650 _aMARRÃ
650 _aINSEMINAÇÃO ARTIFICIAL
650 _aCARCAÇA
650 _aOVULAÇÃO
650 _aRAÇÃO
650 _aCOMPOSIÇÃO DE ALIMENTO
650 _aCARNE
773 0 _tRevista Brasileira de Zootecnia (Brazil)
_xISSN 1516-3598
_g(Nov-Dec 2005), v. 34(6)suplemento p. 2298-2307
_wBR0601261
909 _a202311
_bLúcia
_c55
_dLúcia Elande
942 _2AGRIS
_n0
_cANA
999 _c185287
_d185287